000 00544nam a2200229Ia 4500
003 OSt
005 20220918202715.0
006 a|||||r|||| 00| 0
007 ta
008 220917b |||||||| |||| 00| 0 eng d
024 _a103,270
037 _cTextual
040 _aARTS
_cARTS
_beng
041 _2eng
_aeng
082 _aV2CM1:7, F9
100 _aYazdani
_9104978
245 0 _aMandu
_b the city of joy
260 _c1929
650 _aHISTORY
942 _hV2CM1:7, F9
_cTEXL
_2CC
999 _c226694
_d226694